UM Logo

The blindfold's eyes: (Record no. 4457)

MARC details
000 -LEADER
fixed length control field 00608nam a22001697a 4500
008 - FIXED-LENGTH DATA ELEMENTS--GENERAL INFORMATION
fixed length control field 160910b xxu||||| |||| 00| 0 eng d
020 ## - INTERNATIONAL STANDARD BOOK NUMBER
International Standard Book Number 1-57075-435-7
082 ## - DEWEY DECIMAL CLASSIFICATION NUMBER
Edition number 2002
Classification number DC 272.9092
Item number Or8b
100 ## - MAIN ENTRY--PERSONAL NAME
9 (RLIN) 14378
Personal name Ortiz, Diana.
245 ## - TITLE STATEMENT
Title The blindfold's eyes:
Remainder of title my journey from torture to truth/
Statement of responsibility, etc. Dianne Ortiz ; with Patricia Davis.
260 ## - PUBLICATION, DISTRIBUTION, ETC. (IMPRINT)
Place of publication, distribution, etc. New York:
Name of publisher, distributor, etc. Orbis Books,
Date of publication, distribution, etc. c2002.
300 ## - PHYSICAL DESCRIPTION
Extent xii, 484 pages;
Dimensions 25 cm.
500 ## - GENERAL NOTE
General note Includes bibliographical references.<br/>
650 #0 - SUBJECT ADDED ENTRY--TOPICAL TERM
9 (RLIN) 14380
Topical term or geographic name as entry element Nuns
Geographic subdivision Guatemala
General subdivision Biography
650 #0 - SUBJECT ADDED ENTRY--TOPICAL TERM
9 (RLIN) 14381
Topical term or geographic name as entry element Nuns
Geographic subdivision United States
General subdivision Biography
942 ## - ADDED ENTRY ELEMENTS (KOHA)
Source of classification or shelving scheme Dewey Decimal Classification
Koha item type Circulation
Holdings
Withdrawn status Lost status Source of classification or shelving scheme Damaged status Not for loan Collection code Home library Current library Date acquired Total Checkouts Full call number Barcode Date last seen Price effective from Koha item type
    Dewey Decimal Classification     Circulation UM Digos College - LIC UM Digos College - LIC 03/25/2009   DC 272.9092 Or8b 2002 20275 05/15/2025 09/10/2016 Circulation